Termas romanas del Campo Valdés-Gijón (Record no. 23135)

MARC details
000 -LEADER
campo de control de longitud fija 00933nam a2200229 i 4500
001 - NÚMERO DE CONTROL
campo de control 23135
003 - IDENTIFICADOR DE NÚMERO DE CONTROL
campo de control ES-MaACL
005 - FECHA Y HORA DE LA ÚLTIMA TRANSACCIÓN
campo de control 20250928130700.0
007 - CAMPO FIJO DE DESCRIPCIÓN FÍSICA--INFORMACIÓN GENERAL
campo de control de longitud fija t|
008 - DATOS DE LONGITUD FIJA--INFORMACIÓN GENERAL
campo de control de longitud fija 021209s1965 sp ||||1| spa d
100 1# - ENTRADA PRINCIPAL--NOMBRE DE PERSONA
Nombre de persona Alvargonzalez, Calixto.
9 (RLIN) 21010
245 10 - MENCIÓN DEL TÍTULO
Título Termas romanas del Campo Valdés-Gijón
Resto del título : monografía /
Mención de responsabilidad, etc. Calixto Alvargonzalez ; con la colaboración de Julio Somoza y Alejandro Alvargonzalez ; edición y nota preliminar por Joaquín A.Bonet.
260 ## - PUBLICACIÓN, DISTRIBUCIÓN, ETC.
Lugar de publicación, distribución, etc. Gijón :
Nombre del editor, distribuidor, etc. [s.n.],
Fecha de publicación, distribución, etc. 1965 (
Fabricante Imp. La Industria)
300 ## - DESCRIPCIÓN FÍSICA
Extensión 124 p., 2 h. de lám. en n. y col. :
Otras características físicas il. ;
Dimensiones 29 cm.
650 #4 - PUNTO DE ACCESO ADICIONAL DE MATERIA--TÉRMINO DE MATERIA
Término de materia o nombre geográfico como elemento de entrada Termas-
Subdivisión geográfica Gijón.
9 (RLIN) 169132
651 #4 - PUNTO DE ACCESO ADICIONAL DE MATERIA--NOMBRE GEOGRÁFICO
Nombre geográfico Gijón-
Subdivisión general Restos arqueológicos romanos.
9 (RLIN) 169133
700 1# - ENTRADA AGREGADA--NOMBRE PERSONAL
Nombre de persona Somoza, Julio,
Fechas asociadas al nombre 1848-1940
9 (RLIN) 107287
700 1# - ENTRADA AGREGADA--NOMBRE PERSONAL
Nombre de persona Alvargonzalez, Alejandro.
9 (RLIN) 21009
700 1# - ENTRADA AGREGADA--NOMBRE PERSONAL
Nombre de persona Alonso Bonet, Joaquín,
Fechas asociadas al nombre 1889-1975
9 (RLIN) 30119
852 ## - LOCALIZACIÓN
Ubicación ES-MaACL
Número de control de estantería C-29011
Sublocalización o colección R.58155
Holdings
Estatus retirado Estado de pérdida Estado de daño No para préstamo Biblioteca de origen Biblioteca actual Ubicación en estantería Fecha de adquisición Fuente de adquisición Total de préstamos Signatura topográfica completa Código de barras Visto por última vez Precio de reemplazo Tipo de ítem Koha
        Biblioteca del Ateneo de Madrid Biblioteca del Ateneo de Madrid Depósito 2 17/01/2008     C-29011 1023835 23/02/2023 23/02/2023 Libro impreso